Συνεχιζόμενη εκπαίδευση και κατάρτιση : θεωρία και πράξη
Saved in:
| Main Author: | |
|---|---|
| Other Authors: | |
| Format: | Book |
| Language: | Greek English |
| Published: |
Αθήνα :
Μεταίχμιο,
2004.
|
| Series: | Εκπαίδευση ενηλίκων
|
| Subjects: | |
| Tags: |
Add Tag
No Tags, Be the first to tag this record!
|
MARC
| LEADER | 00000cam a2200000 i 4500 | ||
|---|---|---|---|
| 001 | 1/26436 | ||
| 008 | 060317s2004 gr | ||| |||| ||gre|| | ||
| 020 | |a 9603757241 | ||
| 035 | |l 10083157 | ||
| 040 | |a GR-MyUa |b gre |e AACR2 | ||
| 041 | 1 | |a gre |h eng | |
| 082 | 7 | |a 374 |2 (22) | |
| 100 | 1 | |a Jarvis, Peter, |d 1937-2018. | |
| 245 | 1 | 0 | |a Συνεχιζόμενη εκπαίδευση και κατάρτιση : |b θεωρία και πράξη / |c Peter Jarvis ; μετάφραση: Αλεξάνδρα Μανιάτη. |
| 260 | |a Αθήνα : |b Μεταίχμιο, |c 2004. | ||
| 300 | |a 357 σ. : |b πιν., σχεδ. ; |c 24 εκ. | ||
| 490 | 1 | |a (Εκπαίδευση ενηλίκων) | |
| 500 | |a Τίτλος πρωτοτύπου: Adult and continuing education theory and practice. | ||
| 504 | |a Βιβλιογραφία: σ. 337-357. | ||
| 650 | 0 | |a Adult education. | |
| 650 | 0 | 0 | |a Continuing education. |
| 700 | 1 | |a Μανιάτη, Αλεξάνδρα, |e trlf | |
| 830 | 0 | |a Εκπαίδευση ενηλίκων | |
| 852 | |a INST |b RHODES |e 20060317 |h 374 JAR |p 005400021236 |q 005400021236 |t BK |y 0 | ||
| 901 | |a BIBL4-2006-1 | ||
| 970 | |a Σιδερή |b Νεκταρία |z 2006/03/13 | ||